[Event "POL-chT Region"]
[Site "Poland"]
[Date "1999.??.??"]
[Round "?"]
[White "Kempa, Sabina"]
[Black "Szczygiel, Agnieszka"]
[Result "1/2-1/2"]
[WhiteElo "2039"]
[BlackElo "2056"]
[PlyCount "54"]
[EventDate "1999.??.??"]
[EventType "team"]
[EventRounds "13"]
[EventCountry "POL"]
[SourceTitle "EXT 2002"]
[Source "ChessBase"]
[SourceDate "2001.11.25"]
[SourceVersion "1"]
[SourceVersionDate "2001.11.25"]
[SourceQuality "1"]

1. e4 e5 2. Nf3 Nc6 3. Nc3 Nf6 4. Bb5 Nd4 5. Nxe5 Qe7 6. Nf3 Nxe4 7. 0-0 Nxb5 8. Nxb5 d5 9. Re1 Be6 10. d3 Nf6 11. Bf4 0-0-0 12. Nxa7+ Kb8 13. Nb5 Rc8 14. Qd2 Qb4 15. Qxb4 Bxb4 16. c3 Bc5 17. b4 Bb6 18. h3 Bd7 19. Nbd4 Bxd4 20. Nxd4 Rce8 21. b5 Kc8 22. a4 Rxe1+ 23. Rxe1 Re8 24. Rb1 Nh5 25. Bd2 g6 26. g4 Ng7 27. Bf4 Ne6 1/2-1/2

[Event "POL-ch sf (Women)"]
[Site "Czestochowa"]
[Date "1998.??.??"]
[Round "6"]
[White "Glazik, Malgorzata"]
[Black "Szczygiel, Agnieszka"]
[Result "1-0"]
[WhiteElo "2105"]
[BlackElo "2110"]
[PlyCount "77"]
[EventDate "1998.??.??"]
[EventType "swiss"]
[EventRounds "11"]
[EventCountry "POL"]
[SourceTitle "EXT 2000"]
[Source "ChessBase"]
[SourceDate "1999.11.16"]
[SourceVersion "1"]
[SourceVersionDate "1999.11.16"]
[SourceQuality "1"]

1. e4 e5 2. Nf3 Nc6 3. Bb5 g6 4. c3 a6 5. Bc4 Bg7 6. d4 d6 7. Bg5 Nge7 8. 0-0 h6 9. Be3 0-0 10. dxe5 Nxe5 11. Nxe5 dxe5 12. Qc2 b6 13. a4 c5 14. b4 cxb4 15. cxb4 Kh7 16. Nc3 Qc7 17. Qb3 f5 18. Nd5 Nxd5 19. Bxd5 Rb8 20. Rac1 Qe7 21. exf5 gxf5 22. f4 Bb7 23. Bxb7 Rxb7 24. fxe5 Bxe5 25. Rc6 Rf6 26. Rxf6 Qxf6 27. Qd3 Rf7 28. g3 Qg6 29. Bf4 Bg7 30. Qxa6 Bd4+ 31. Kg2 Qc6+ 32. Kh3 Qc3 33. Qb5 Kg6 34. Rc1 Qf3 35. Qc6+ Qxc6 36. Rxc6+ Rf6 37. Rxf6+ Bxf6 38. Bc7 Bd4 39. a5 1-0

[Event "POL-chT 2nd League South"]
[Site "Wisla"]
[Date "1998.??.??"]
[Round "?"]
[White "Rusak, Dorota"]
[Black "Szczygiel, Agnieszka"]
[Result "1/2-1/2"]
[WhiteElo "2065"]
[BlackElo "2090"]
[PlyCount "32"]
[EventDate "1998.11.20"]
[EventType "team-swiss"]
[EventRounds "10"]
[EventCountry "POL"]
[SourceTitle "EXT 2000"]
[Source "ChessBase"]
[SourceDate "1999.11.16"]
[SourceVersion "1"]
[SourceVersionDate "1999.11.16"]
[SourceQuality "1"]

1. d4 Nf6 2. c4 e6 3. Nf3 b6 4. Nc3 Bb7 5. Bf4 d5 6. e3 a6 7. Rc1 Bd6 8. Bxd6 Qxd6 9. Qb3 dxc4 10. Bxc4 Nbd7 11. Be2 0-0 12. 0-0 e5 13. dxe5 Nxe5 14. Rfd1 Qe7 15. Nxe5 Qxe5 16. Qc4 Rfd8 1/2-1/2

[Event "POL-ch (Women)"]
[Site "Cisna"]
[Date "1997.??.??"]
[Round "?"]
[White "Dworakowska, Joanna"]
[Black "Szczygiel, Agnieszka"]
[Result "1/2-1/2"]
[WhiteElo "2285"]
[BlackElo "2085"]
[PlyCount "97"]
[EventDate "1997.??.??"]
[EventType "tourn"]
[EventRounds "12"]
[EventCountry "POL"]
[SourceTitle "EXT 2003"]
[Source "ChessBase"]
[SourceDate "2002.11.25"]
[SourceVersion "1"]
[SourceVersionDate "2002.11.25"]
[SourceQuality "1"]

1. e4 e5 2. Nf3 Nc6 3. Bb5 g6 4. c3 a6 5. Ba4 d6 6. d4 Bd7 7. 0-0 Bg7 8. Re1 b5 9. Bb3 Nf6 10. dxe5 Nxe5 11. Bf4 Qe7 12. Bc2 0-0 13. Nbd2 Rfe8 14. h3 Bc6 15. Nxe5 dxe5 16. Be3 Rad8 17. Qe2 Nh5 18. Qf1 Nf4 19. Rad1 Ne6 20. b4 Ba8 21. Nb3 Qf6 22. f3 Bb7 23. a4 Nf4 24. axb5 axb5 25. Rxd8 Rxd8 26. Rd1 Rxd1 27. Bxd1 Bh6 28. Bc5 Qg5 29. g4 Qh4 30. Kh2 Bc6 31. Bf2 Qd8 32. Nc5 Qd2 33. Qe1 Qb2 34. Kg3 Bg5 35. Qf1 Qxc3 36. Be1 Qd4 37. Bb3 h5 38. Qf2 Ne2+ 39. Kg2 Nf4+ 40. Kg3 Ne2+ 41. Kg2 Qxf2+ 42. Bxf2 Nf4+ 43. Kg3 hxg4 44. hxg4 Be7 45. Be3 g5 46. Kf2 Kf8 47. Bc2 Ke8 48. Bd2 Bxc5+ 49. bxc5 1/2-1/2

[Event "POL-ch sf (Women)"]
[Site "Poraj "]
[Date "1997.??.??"]
[Round "?"]
[White "Kaczorowska, Barbara"]
[Black "Szczygiel, Agnieszka"]
[Result "1-0"]
[WhiteElo "2175"]
[BlackElo "2085"]
[PlyCount "91"]
[EventDate "1997.??.??"]
[EventType "swiss"]
[EventRounds "11"]
[EventCountry "POL"]
[SourceTitle "EXT 2001"]
[Source "ChessBase"]
[SourceDate "2000.11.22"]
[SourceVersion "1"]
[SourceVersionDate "2000.11.22"]
[SourceQuality "1"]

1. d4 Nf6 2. c4 d6 3. Nf3 Nbd7 4. Nc3 e5 5. e4 Be7 6. Be2 0-0 7. 0-0 exd4 8. Nxd4 Nc5 9. f3 a5 10. Be3 Re8 11. Qc2 c6 12. Rfd1 Qc7 13. Rd2 h6 14. Rad1 Bf8 15. Nb3 Nxb3 16. Qxb3 Be6 17. Bb6 Qb8 18. e5 Nd7 19. exd6 Nxb6 20. Qxb6 Rd8 21. Ne4 Rd7 22. Qc5 Kh8 23. Qe5 Qa7+ 24. Kh1 Re8 25. f4 Rdd8 26. Qh5 Qe3 27. Qf3 Qxf3 28. gxf3 Bf5 29. Ng3 Bh3 30. Kg1 h5 31. Bf1 Bxf1 32. Kxf1 g6 33. c5 Bh6 34. Rd4 h4 35. Ne4 Re6 36. Nf2 Bg7 37. Rc4 Re3 38. Rd3 Rxd3 39. Nxd3 Kg8 40. Ra4 Kf8 41. Rxa5 Bd4 42. b4 b6 43. Ra6 bxc5 44. bxc5 Rc8 45. Ra7 Ke8 46. d7+ 1-0

[Event "POL-ch (Women)"]
[Site "Cisna"]
[Date "1997.??.??"]
[Round "?"]
[White "Kludacz, Magdalena"]
[Black "Szczygiel, Agnieszka"]
[Result "1/2-1/2"]
[WhiteElo "2180"]
[BlackElo "2085"]
[PlyCount "48"]
[EventDate "1997.??.??"]
[EventType "tourn"]
[EventRounds "12"]
[EventCountry "POL"]
[SourceTitle "EXT 2003"]
[Source "ChessBase"]
[SourceDate "2002.11.25"]
[SourceVersion "1"]
[SourceVersionDate "2002.11.25"]
[SourceQuality "1"]

1. d4 Nf6 2. c4 c5 3. d5 e5 4. Nc3 d6 5. e4 Be7 6. Nf3 0-0 7. g3 Ne8 8. Bg2 g6 9. 0-0 Ng7 10. Ne1 f5 11. Nd3 Nd7 12. f4 Bf6 13. exf5 Nxf5 14. Ne4 exf4 15. Nxf6+ Nxf6 16. Bxf4 Nd4 17. Qd2 Bf5 18. Bg5 Rf7 19. Rf2 Qf8 20. Bxf6 Rxf6 21. Raf1 Qg7 22. Be4 Raf8 23. Bxf5 Rxf5 24. Rxf5 Nxf5 1/2-1/2

[Event "Warsaw op (Women)"]
[Site "Warsaw"]
[Date "1996.??.??"]
[Round "8"]
[White "Chernikova, Svetlana"]
[Black "Szczygiel, Agnieszka"]
[Result "1-0"]
[WhiteElo "2090"]
[BlackElo "2080"]
[PlyCount "107"]
[EventDate "1996.??.??"]
[EventType "swiss"]
[EventRounds "8"]
[EventCountry "POL"]
[SourceTitle "EXT 1998"]
[Source "ChessBase"]
[SourceDate "1997.11.17"]
[SourceVersion "1"]
[SourceVersionDate "1997.11.17"]
[SourceQuality "1"]

1. e4 e5 2. Nf3 Nc6 3. Bc4 Nf6 4. Ng5 d5 5. exd5 Na5 6. d3 Be7 7. d6 Qxd6 8. Bxf7+ Kf8 9. Bb3 Nxb3 10. axb3 Bg4 11. f3 Bh5 12. Nc3 h6 13. Nge4 Nxe4 14. Nxe4 Qb6 15. Qe2 Bh4+ 16. Nf2 Kf7 17. 0-0 Rhe8 18. Be3 Qc6 19. Ne4 Kg8 20. Bf2 Bxf2+ 21. Qxf2 a6 22. Qc5 Qd7 23. Ra4 b6 24. Qc3 Bf7 25. Rfa1 a5 26. b4 axb4 27. Qxb4 c5 28. Qa3 Rxa4 29. Qxa4 Qd5 30. Nc3 Qd8 31. Qe4 Qg5 32. Re1 Bg6 33. Qe3 Qd8 34. Ra1 Qd7 35. Ne4 Bxe4 36. Qxe4 Kh8 37. Ra8 b5 38. f4 Rxa8 39. Qxa8+ Kh7 40. Qe4+ Kg8 41. fxe5 Qe6 42. c4 Qa6 43. Kf2 Qa2 44. Qe2 bxc4 45. dxc4 Qa8 46. e6 Qf8+ 47. Qf3 Qb8 48. b3 Qb4 49. Qe3 Qa3 50. h3 Qb2+ 51. Kg3 Qf6 52. Qxc5 Qc3+ 53. Kh2 Qd2 54. Qc7 1-0

[Event "POL-ch (Women)"]
[Site "Brzeg Dolny"]
[Date "1996.??.??"]
[Round "5"]
[White "Kaczorowska, Barbara"]
[Black "Szczygiel, Agnieszka"]
[Result "1-0"]
[WhiteElo "2200"]
[BlackElo "2080"]
[PlyCount "127"]
[EventDate "1996.??.??"]
[EventType "tourn"]
[EventRounds "13"]
[EventCountry "POL"]
[SourceTitle "EXT 1998"]
[Source "ChessBase"]
[SourceDate "1997.11.17"]
[SourceVersion "1"]
[SourceVersionDate "1997.11.17"]
[SourceQuality "1"]

1. d4 Nf6 2. Bf4 g6 3. e3 Bg7 4. h3 d6 5. Nf3 0-0 6. Be2 b6 7. 0-0 Bb7 8. c3 Nbd7 9. Nbd2 Qe8 10. Qc2 e5 11. dxe5 dxe5 12. Bh2 Qe7 13. Rad1 Rad8 14. Bc4 e4 15. Nd4 Ne5 16. Bb5 a6 17. Bxe5 Qxe5 18. Bc6 Ba8 19. Qa4 a5 20. Bxa8 Rxa8 21. Nc6 Qe6 22. Nb3 Rfe8 23. Rd2 Nd7 24. Rfd1 Ne5 25. Nxe5 Bxe5 26. Nd4 Qf6 27. Nc6 Bd6 28. Qc4 Qe6 29. Qxe6 Rxe6 30. Nd4 Re7 31. a4 Kf8 32. Kf1 Ke8 33. Ke2 f5 34. h4 Kf7 35. g3 Rae8 36. Nb5 Be5 37. Na3 Ke6 38. Rd5 Bf6 39. Nb5 Kf7 40. b4 Be5 41. bxa5 bxa5 42. Nd4 Bxd4 43. cxd4 Ra8 44. Rc1 Ke8 45. Rcc5 Rb8 46. Rxa5 Rb2+ 47. Kf1 Ra2 48. Ra8+ Kf7 49. Rc5 Ra1+ 50. Kg2 Ke6 51. Re5+ Kd6 52. Rd8+ Rd7 53. Rd5+ Kxd5 54. Rxd7+ Ke6 55. Rxh7 Rxa4 56. Rxc7 Ra1 57. Rc5 Rd1 58. g4 Kf6 59. Rc6+ Kf7 60. gxf5 gxf5 61. h5 Kg7 62. Kg3 Rf1 63. h6+ Kh7 64. Rf6 1-0

[Event "POL-ch (Women)"]
[Site "Brzeg Dolny"]
[Date "1996.??.??"]
[Round "12"]
[White "Kludacz, Magdalena"]
[Black "Szczygiel, Agnieszka"]
[Result "1-0"]
[WhiteElo "2105"]
[BlackElo "2080"]
[PlyCount "59"]
[EventDate "1996.??.??"]
[EventType "tourn"]
[EventRounds "13"]
[EventCountry "POL"]
[SourceTitle "EXT 1998"]
[Source "ChessBase"]
[SourceDate "1997.11.17"]
[SourceVersion "1"]
[SourceVersionDate "1997.11.17"]
[SourceQuality "1"]

1. d4 d6 2. c4 e5 3. d5 Nf6 4. Nc3 Be7 5. e4 0-0 6. h3 Nbd7 7. Be3 c6 8. Bd3 cxd5 9. cxd5 a6 10. a4 a5 11. Nf3 Ne8 12. 0-0 g6 13. g4 Bf6 14. Rc1 Nc5 15. Nb5 b6 16. Ne1 Bg5 17. Ng2 Bxe3 18. Nxe3 Qh4 19. Kh2 f5 20. exf5 e4 21. Rxc5 bxc5 22. Bxe4 Qe7 23. Qc2 Nf6 24. f3 g5 25. Nc4 Ra6 26. Qd2 h6 27. Re1 Nxe4 28. Rxe4 Qf7 29. Kg2 Bxf5 30. Nbxd6 1-0

[Event "Warsaw op (Women)"]
[Site "Warsaw"]
[Date "1996.??.??"]
[Round "1"]
[White "Szczygiel, Agnieszka"]
[Black "Erneste, Inguna"]
[Result "0-1"]
[WhiteElo "2080"]
[BlackElo "2290"]
[PlyCount "84"]
[EventDate "1996.??.??"]
[EventType "swiss"]
[EventRounds "8"]
[EventCountry "POL"]
[SourceTitle "EXT 1998"]
[Source "ChessBase"]
[SourceDate "1997.11.17"]
[SourceVersion "1"]
[SourceVersionDate "1997.11.17"]
[SourceQuality "1"]

1. e4 e5 2. Nf3 Nc6 3. Bb5 a6 4. Ba4 Nf6 5. 0-0 Be7 6. Bxc6 dxc6 7. d3 Nd7 8. Nbd2 0-0 9. Nc4 f6 10. Nh4 Nc5 11. Qf3 Ne6 12. Nf5 Nd4 13. Nxd4 Qxd4 14. Be3 Qd8 15. Qe2 Be6 16. Na5 Qd6 17. Nb3 b6 18. f4 exf4 19. Bxf4 Qd7 20. Kh1 Bd6 21. Qe3 c5 22. Bxd6 Qxd6 23. Nd2 Rad8 24. b3 Rfe8 25. Qf2 b5 26. Nf3 Bg4 27. Qh4 Bxf3 28. Rxf3 c4 29. Rh3 h6 30. Rg3 cxd3 31. Qg4 Qd7 32. Qxd7 Rxd7 33. Rxd3 Rde7 34. Re1 Rxe4 35. Rxe4 Rxe4 36. Kg1 Re5 37. Rc3 c5 38. Kf2 Kf7 39. Rd3 Ke6 40. Rg3 Rf5+ 41. Ke2 Rg5 42. Rxg5 hxg5 0-1

[Event "Warsaw op (Women)"]
[Site "Warsaw"]
[Date "1996.??.??"]
[Round "5"]
[White "Szczygiel, Agnieszka"]
[Black "Fatalibekova, Elena"]
[Result "0-1"]
[WhiteElo "2080"]
[BlackElo "2240"]
[PlyCount "135"]
[EventDate "1996.??.??"]
[EventType "swiss"]
[EventRounds "8"]
[EventCountry "POL"]
[SourceTitle "EXT 1998"]
[Source "ChessBase"]
[SourceDate "1997.11.17"]
[SourceVersion "1"]
[SourceVersionDate "1997.11.17"]
[SourceQuality "1"]

1. e4 c5 2. Nc3 e6 3. f4 d5 4. Nf3 dxe4 5. Nxe4 Nc6 6. Bb5 Bd7 7. 0-0 Nh6 8. d3 Nf5 9. Bxc6 Bxc6 10. Qe1 Be7 11. Kh1 0-0 12. Ne5 Qc7 13. Be3 c4 14. Nxc4 Bd5 15. Qe2 b5 16. Ne5 Nxe3 17. Qxe3 Qxc2 18. Rf2 Qc7 19. Nc3 Qb7 20. Nxd5 Qxd5 21. Rc2 Bd6 22. a3 a6 23. Rac1 Rad8 24. d4 Rfe8 25. Nc6 Rd7 26. Ne5 Rdd8 27. Nc6 Ra8 28. Ne5 Qb7 29. Rc6 Red8 30. Qc3 h6 31. h3 Qe7 32. Qf3 Qe8 33. Qc3 a5 34. Qb3 b4 35. a4 Bxe5 36. dxe5 Rd4 37. R6c4 Rad8 38. Rxd4 Rxd4 39. Qe3 Qd7 40. Kh2 Rd5 41. Qe4 g6 42. b3 Kg7 43. Qc4 Rd3 44. Rc2 h5 45. Rc1 h4 46. f5 exf5 47. Qxh4 Rd5 48. Qf6+ Kg8 49. Rc6 Rxe5 50. Rd6 Re6 51. Rxd7 Rxf6 52. Ra7 Rc6 53. Rxa5 Rc3 54. Rb5 Rxb3 55. a5 Ra3 56. Rxb4 Rxa5 57. Kg1 Ra2 58. h4 Kg7 59. g3 Kf6 60. Rb7 Ke6 61. Rb5 Rd2 62. Rb8 f4 63. g4 Rd3 64. Kf2 Rg3 65. h5 Rxg4 66. h6 Rh4 67. Kf3 Rxh6 68. Kxf4 0-1

[Event "Policka op"]
[Site "Policka"]
[Date "1995.??.??"]
[Round "4"]
[White "Bagaturov, Giorgi"]
[Black "Szczygiel, Agnieszka"]
[Result "1-0"]
[WhiteElo "2460"]
[BlackElo "2110"]
[PlyCount "63"]
[EventDate "1995.??.??"]
[EventType "swiss"]
[EventRounds "9"]
[EventCountry "CZE"]
[SourceTitle "EXT 1999"]
[Source "ChessBase"]
[SourceDate "1998.11.16"]
[SourceVersion "1"]
[SourceVersionDate "1998.11.16"]
[SourceQuality "1"]

1. d4 Nf6 2. Nf3 g6 3. g3 Bg7 4. Bg2 d6 5. c4 0-0 6. Nc3 c6 7. 0-0 Bf5 8. d5 cxd5 9. Nd4 Bd7 10. cxd5 Na6 11. Rb1 Qa5 12. h3 Rfc8 13. e4 Rab8 14. Be3 b5 15. Nc6 Bxc6 16. dxc6 Nb4 17. f4 Nxc6 18. e5 Ne8 19. Bxc6 Rxc6 20. Qf3 Rc7 21. Rbd1 Qa6 22. Nd5 Rd7 23. Nb4 Qb7 24. Nc6 Ra8 25. g4 Rc7 26. Rc1 e6 27. f5 exf5 28. exd6 Rd7 29. Ne7+ Kf8 30. Nd5 Nxd6 31. Bc5 Qa6 32. Nc7 1-0

[Event "Bytom op"]
[Site "Bytom"]
[Date "1995.??.??"]
[Round "?"]
[White "Mossakowski, Florian"]
[Black "Szczygiel, Agnieszka"]
[Result "1-0"]
[WhiteElo "2220"]
[BlackElo "2120"]
[PlyCount "109"]
[EventDate "1995.??.??"]
[EventType "swiss"]
[EventRounds "9"]
[EventCountry "POL"]
[SourceTitle "EXT 1997"]
[Source "ChessBase"]
[SourceDate "1996.11.15"]
[SourceVersion "1"]
[SourceVersionDate "1996.11.15"]
[SourceQuality "1"]

1. d4 Nf6 2. c4 c5 3. d5 b5 4. b3 bxc4 5. bxc4 g6 6. Nd2 Bg7 7. Bb2 0-0 8. e4 d6 9. Bd3 Nbd7 10. Ngf3 Nb6 11. 0-0 Bd7 12. Rb1 Ba4 13. Bc2 Bxc2 14. Qxc2 Rb8 15. Ba1 Qc7 16. Rfe1 Nbd7 17. Rxb8 Rxb8 18. e5 Ne8 19. e6 fxe6 20. dxe6 Ndf6 21. Nh4 Qa5 22. f4 d5 23. Bc3 Qd8 24. Be5 Rb6 25. Ndf3 Rxe6 26. f5 Rb6 27. fxg6 h6 28. cxd5 Nxd5 29. Bxg7 Nxg7 30. Qxc5 e6 31. Qc1 h5 32. Ne5 Nf6 33. Nhf3 Ra6 34. Qc4 Rb6 35. Qc3 Ra6 36. Qc2 Rb6 37. h3 Rb7 38. Rd1 Qb6+ 39. Kh2 Rb8 40. Nd7 Nxd7 41. Rxd7 Rd8 42. Rf7 Qd6+ 43. Kg1 Nf5 44. Qc7 Qb6+ 45. Kh2 Qxc7+ 46. Rxc7 a5 47. Ra7 Rd5 48. Ng5 Nh4 49. Nxe6 Nxg6 50. Rg7+ Kh8 51. Rxg6 Kh7 52. Rg5 Rd6 53. Rxh5+ Kg6 54. Nf4+ Kf6 55. Rh6+ 1-0